LEADER 01213nam a2200253 u 4500 001 000000114253 003 CaOOAMICUS 005 20090116123650.0 008 090116s2008 it d u000 u ita r 040 $aPUL$bita$dLDB 245 00$aCash management e gestione della tesoreria. 260 $aMilano :$bIl Sole 24 ore,$c2008. 300 $a190 p. :$bgraf. ;$c19 cm. +$eCD-Rom 490 1 $aMaster 24. Amministrazione, finanza & controllo ;$v12 500 $aEdizione speciale per Il Sole 24 ore. 500 $aIn cofanetto. 650 4$aImprese$xContabilità.$0(OLS)http://pul/subject/34456 830 0$aMaster 24. Amministrazione, finanza & controllo ;$v12.$0(OLS)http://pul/title/143164 850 $aPUL 852 $aPUL$W1$xSL Diritto e Scienze Sociali 3$y79$m332 COLL 1.12$j130558$qDDC 21$B129637$CPULBib$Z2$F129637 $H109191 $82 852 $aPUL$W1$xSL Diritto e Scienze Sociali 3$y79$m332 COLL 1.12CD$j130559$aCD-Rom$qDDC 21$B129638$CPULBib$Z2$F129638 $H109192 $82 941 1 $a9 996 $6245$aCash management e gestione della tesoreria$9(OLS)http://pul/title/143590 996 $6260$aMilano :$bIl Sole 24 ore$9(OLS)http://pul/publisher/69212 LEADER 01234nam a2200265 a 4500 001 000000164669 003 CaOOAMICUS 005 20171128165043.0 008 171128s1977 it m u001 u ita d 032 $aLibriCat 040 $aPUL$bita 100 1 $aSilhár, Stefano.$0(OLS)http://pul/name/105908 245 13$aLa filosofia della libertà nel pensiero di Joseph de Finance / $cStefano Silhár. 260 $aRoma :$b[s.n.],$c1977. 300 $a53 p. ;$c24 cm. 502 $aEstratto da Tesi-- Pontificia Università Urbaniana, Facoltà di Filosofia, 1977. 504 $aBibliografia in nota a piè pagina. 600 14$aFinance, Joseph de,$cS.I.,$d1904-2000.$0(OLS)http://pul/subject/23458 710 2 $aPontificia Università Urbaniana.$bFacoltà di Filosofia$kTesi.$0(OLS)http://pul/name/84517 850 $aPUL 852 $aPUL$W1$xDP1 Tesi Pon. Univ. Urbaniana$y49$mTH URB PH65$j188833$qTesi$B191973$CPULBib$Z2$F191973 $H44373 $82 960 $aDe Finance, Joseph,$cS.I.,$d1904-2000$923458 996 $6245$aLa filosofia della libertà nel pensiero di Joseph de Finance / $9(OLS)http://pul/title/204354 996 $6260$aRoma :$b[s.n.]$9(OLS)http://pul/publisher/47958